| 000 | 00437nam a2200133 a 4500 | ||
|---|---|---|---|
| 001 | 000031778 | ||
| 005 | 20200930063155.0 | ||
| 008 | 110701s1991 dr a 000 0 spa d | ||
| 040 |
_aDO-SdBNP _bspa _cBNPHU |
||
| 245 | 0 | 0 |
_aManual de uso se plantas mecicinales : _bPlantas usadas contra los vĂ³mitos, dolor de estomago, vientos y gases. |
| 260 |
_aSanto Domingo : _benda-caribe, _c1991. |
||
| 300 |
_a38 p. : _bil. ; _c28 cm. |
||
| 049 | _aBNPD | ||
| 999 |
_c31270 _d31270 |
||